The girl who fell in love with the moon

Bibliographic Details
Main Author: Sebastian, Patrick Samuel
Format: Book
Published: Petaling Jaya : Uni-Text Distributors Sdn Bhd , 1987
Subjects:

MARC

LEADER 00000cam a2200000 7i4500
001 0000006909
002 000007441
005 20000330.0
020 |a 9679350959 
090 0 0 |a JF   |b SEB 
100 1 |a Sebastian, Patrick Samuel 
245 1 4 |a The girl who fell in love with the moon   |c Patrick Samuel Sebastian 
260 |a Petaling Jaya :   |b Uni-Text Distributors Sdn Bhd ,   |c 1987 
300 |a 24p. :   |b ill. ;   |c 21cm. 
650 0 0 |a Children's stories 
999 |a 021456   |b BUKU   |c PINJAMAN   |e PERPUSTAKAAN KOMUNITI PETALING JAYA